| 000 | 00780nas a2200265 4500 | ||
|---|---|---|---|
| 001 | BR9607656 | ||
| 003 | BR-BrBNA | ||
| 005 | 20231205095923.0 | ||
| 007 | ta | ||
| 008 | 230509b bl.|||p| |||| 00| 00por d | ||
| 040 |
_aBR-BrBNA _bpor _cBiblioteca Nacional de Agricultura |
||
| 041 | _a(Pt) | ||
| 072 | _aH20 | ||
| 100 | 1 | _aPicinini, E.C. | |
| 100 | 1 | _aFernandes, J.M.C. | |
| 100 | 1 | _aIgnaczak, J.C. | |
| 100 | 1 | _aAmbrosi, I. | |
| 245 | 1 | _aImpacto economico do uso do fungicida propiconazole na cultura de trigo | |
| 650 | _aTrigo | ||
| 650 | _aFungicida | ||
| 650 | _aControle Quimico | ||
| 773 | 0 |
_tFitopatologia Brasileira (Brazil) _xISSN 0100-4158 _g(Sep 1996), v. 21(3) p. 362-368 _wBR9607656 |
|
| 909 |
_a202311 _bLúcia _c55 _dLúcia Elande |
||
| 942 |
_2AGRIS _n0 _cANA |
||
| 999 |
_c153462 _d153462 |
||